مواضيع متقدمة في يندوز 98 / (رقم التسجيلة. 38812)

تفاصيل مارك
000 -LEADER
fixed length control field 00635nam a22002057a 4500
005 - DATE AND TIME OF LATEST TRANSACTION
control field 20251108170049.0
008 - FIXED-LENGTH DATA ELEMENTS--GENERAL INFORMATION
fixed length control field 250721s1999 xx 000 0 ara d
082 14 - DEWEY DECIMAL CLASSIFICATION NUMBER
Classification number ط/004/عطا
100 1# - MAIN ENTRY--PERSONAL NAME
Personal name عطار، فراس
245 10 - TITLE STATEMENT
Title مواضيع متقدمة في يندوز 98 /
264 1# - PRODUCTION, PUBLICATION, DISTRIBUTION, MANUFACTURE, AND COPYRIGHT NOTICE
Place of production, publication, distribution, manufacture حلب :
Name of producer, publisher, distributor, manufacturer دار القلم العربي،
Date of production, publication, distribution, manufacture, or copyright notice 1999.
300 ## - PHYSICAL DESCRIPTION
Extent 16ص.
490 0# - SERIES STATEMENT
Series statement المجموعة العلمية للصغار
Volume/sequential designation 16
650 17 - SUBJECT ADDED ENTRY--TOPICAL TERM
Topical term or geographic name as entry element الحواسيب
650 17 - SUBJECT ADDED ENTRY--TOPICAL TERM
Topical term or geographic name as entry element علم الحاسوب
653 ## - INDEX TERM--UNCONTROLLED
Uncontrolled term مرحلة متوسطة (6-9 سنوات )
700 1# - ADDED ENTRY--PERSONAL NAME
Personal name قاطرجي، محمد
942 ## - ADDED ENTRY ELEMENTS (KOHA)
Source of classification or shelving scheme Dewey Decimal Classification
Koha item type كتب
المقتنيات
حالة السحب حالة الفقدان مصدر التصنيف حالة التلف غير قابل للإعارة المكتبة الرئيسية المكتبة الحالية موقع الرف تاريخ التزويد الرقم المتسلسل Total Checkouts رقم الإستدعاء الباركود تاريخ آخر ظهور تاريخ الفاتورة نوع المادة (كوها)
    Dewey Decimal Classification     المكتبة المركزية المكتبة المركزية مقتنيات قسم التزويد 28/07/2025 1489909   ط/004/عطا   28/07/2025 28/07/2025 كتب
    Dewey Decimal Classification     المكتبة المركزية المكتبة المركزية مقتنيات قسم التزويد 28/07/2025 1762528   ط/004/عطا   28/07/2025 28/07/2025 كتب
    Dewey Decimal Classification     مكتبة قتيبة للأطفال مكتبة قتيبة للأطفال الأطفال 01/11/2017 1665677   ط/004/عطا PLD00408732 28/07/2025 01/11/2017 كتب
    Dewey Decimal Classification     مكتبة الأميرة سلمى مكتبة الأميرة سلمى الأطفال 14/04/2016 1461726   ط/004/عطا PLD00386422 28/07/2025 14/04/2016 كتب
    Dewey Decimal Classification     مكتبة الاميرة بديعة مكتبة الاميرة بديعة الأطفال 24/06/2015 401322   ط/004/عطا PLD00333873 28/07/2025 24/06/2015 كتب
    Dewey Decimal Classification     مكتبة البيادر مكتبة البيادر الأطفال 10/03/2015 1593527   ط/004/عطا PLD00317827 28/07/2025 10/03/2015 كتب
    Dewey Decimal Classification     مكتبة الراية الهاشمية للأطفال مكتبة الراية الهاشمية للأطفال الأطفال 28/07/2025 401514   ط/004/عطا 401514 28/07/2025 28/07/2025 كتب
    Dewey Decimal Classification     مكتبة النصر العامة مكتبة النصر العامة الأطفال 04/05/2015 351996   ط/004/عطا PLD00387538 28/07/2025 04/05/2015 كتب
    Dewey Decimal Classification     مكتبة النصر العامة مكتبة النصر العامة الأطفال 04/05/2015 401642   ط/004/عطا PLD00387541 28/07/2025 04/05/2015 كتب
    Dewey Decimal Classification     مكتبة بدر الجديدة للأطفال مكتبة بدر الجديدة للأطفال الأطفال 28/07/2025 401498   ط/004/عطا 401498 28/07/2025 28/07/2025 كتب
    Dewey Decimal Classification     مكتبة بدر للأطفال مكتبة بدر للأطفال الأطفال 08/08/2022 401482   ط/004/عطا PLD00498262 28/07/2025 08/08/2022 كتب
    Dewey Decimal Classification     مكتبة صويلح العامة مكتبة صويلح العامة الأطفال 01/07/2019 401290   ط/004/عطا PLD00455671 28/07/2025 01/07/2019 كتب
Implemented & Customized by: BBB with SCIT (Smart Chains for Information Technology)

Powered by Koha